Mechanické vlastnosti elektrokeramiky : Habilitačná práca /

Salvato in:
Dettagli Bibliografici
Autore principale: Štubňa, Igor, 1941- (Autore)
Natura: Manoscritto Libro
Lingua:slovacco
Pubblicazione: Nitra, 1991
Soggetti:
Tags: Aggiungi Tag
Nessun Tag, puoi essere il primo ad aggiungerne!!

MARC

LEADER 00000ntm a22000003a 4500
001 stu45692
005 20150617225715.3
008 970303s1991----cs------------------slo-d
040 |a STU  |b slo 
041 0 |a slo 
044 |a cs 
080 |a 666.593(043.5) 
100 1 |a Štubňa, Igor,  |d 1941-  |4 aut  |u M210  |U MTF Ústav materiálov  |T MTF Katedra fyziky  |X 3616  |U M210  |Y M210  |7 A000003616 
245 1 |a Mechanické vlastnosti elektrokeramiky :  |b Habilitačná práca /  |c [aut.]Ing.CSc.Igor Štubňa 
260 |a Nitra,  |c 1991 
300 |a 94 s 
650 7 |a Elektrokeramika  |2 stusub 
650 7 |a vlastnosti mechanické  |2 stusub 
650 7 |a práce habilitačné  |2 stusub 
650 7 |a Elektroporcelán  |2 stusub 
996 |b .  |c M* HP-82  |l MMSKP  |s P  |a 0  |w stu45692_0002